LEADER 01358oam 2200397Ia 450 001 9910698947803321 005 20090716140034.0 035 $a(CKB)5470000002398398 035 $a(OCoLC)422779044 035 $a(EXLCZ)995470000002398398 100 $a20090707d1999 ua 0 101 0 $aeng 135 $auran||||||||| 181 $ctxt$2rdacontent 182 $cc$2rdamedia 183 $acr$2rdacarrier 200 00$aGuidance for industry$b[electronic resource] $estability testing of new veterinary drug substances and medicinal products (revision) 210 1$aRockville, MD :$cU.S. Dept. of Health and Human Services, Food and Drug Administration, Center for Veterinary Mediicine,$d[2007] 215 $aii, 21 pages $cdigital, PDF file 300 $aTitle from PDF title page (viewed July 7, 2009). 300 $a"Revised final guidance." 300 $a"VICH GL3(R)." 300 $a"November 21, 2007." 320 $aIncludes bibliographical references (page 21). 517 $aGuidance for industry 606 $aVeterinary drugs$xStability 615 0$aVeterinary drugs$xStability. 712 02$aCenter for Veterinary Medicine (U.S.) 801 0$bGPO 801 1$bGPO 801 2$bOCLCQ 801 2$bGPO 906 $aBOOK 912 $a9910698947803321 996 $aGuidance for industry$93434577 997 $aUNINA